| 000 | 01292nam a2200313Ia 4500 | ||
|---|---|---|---|
| 001 | ebr10666402 | ||
| 003 | CaPaEBR | ||
| 006 | m u | ||
| 007 | cr cn||||||||| | ||
| 008 | 111102s2012 gw s 000 0 eng d | ||
| 020 | _z9783631628249 | ||
| 020 | _z9783653023312 | ||
| 040 |
_aCaPaEBR _cCaPaEBR |
||
| 035 | _a(OCoLC)835664283 | ||
| 050 | 1 | 4 |
_aJV6225 _b.M54 2012eb |
| 245 | 0 | 0 |
_aMigration, narration, identity _h[electronic resource] : _bcross-cultural perspectives / _cPeter Leese, Carly McLaughlin, Wladyslaw Witalisz (eds.). |
| 260 |
_aFrankfurt am Main : _bPeter Lang, _c2012. |
||
| 300 | _a185 p. | ||
| 490 | 0 |
_aText - meaning Context: Cracow studies in English language, literature and culture ; _v6 |
|
| 533 |
_aElectronic reproduction. _bPalo Alto, Calif. : _cebrary, _d2013. _nAvailable via World Wide Web. _nAccess may be limited to ebrary affiliated libraries. |
||
| 650 | 0 |
_aEmigration and immigration _xSocial aspects. |
|
| 650 | 0 | _aPopulation geography. | |
| 655 | 7 |
_aElectronic books. _2local |
|
| 700 | 1 | _aLeese, Peter. | |
| 700 | 1 | _aMcLaughlin, Carly. | |
| 700 | 1 | _aWitalisz, Wladyslaw. | |
| 710 | 2 | _aebrary, Inc. | |
| 856 | 4 | 0 |
_uhttp://site.ebrary.com/lib/rucke/Doc?id=10666402 _zAn electronic book accessible through the World Wide Web; click to view |
| 999 |
_c159747 _d159747 |
||